Bauddha dharma ke vikas mein brahmanon ka yogdaan/ (Record no. 4243)

000 -LEADER
fixed length control field 00367nam a22001451a 4500
020 ## - INTERNATIONAL STANDARD BOOK NUMBER
ISBN 9788190295949
082 ## - DEWEY DECIMAL CLASSIFICATION NUMBER
Classification number H 294.3
Item number VIS/B
100 ## - MAIN ENTRY--AUTHOR NAME
Personal name Vishwajit Kumar
245 ## - TITLE STATEMENT
Title Bauddha dharma ke vikas mein brahmanon ka yogdaan/
Statement of responsibility, etc by Vishwajit Kumar
260 ## - PUBLICATION, DISTRIBUTION, ETC. (IMPRINT)
Place of publication Patna:
Name of publisher Impression,
Year of publication 2006.
300 ## - PHYSICAL DESCRIPTION
Number of Pages 153p.
650 ## - SUBJECT ADDED ENTRY--TOPICAL TERM
Topical Term Buddhism
650 ## - SUBJECT ADDED ENTRY--TOPICAL TERM
Topical Term Religion
942 ## - ADDED ENTRY ELEMENTS (KOHA)
Koha item type Book
Holdings
Withdrawn status Lost status Damaged status Not for loan Permanent Location Current Location Date acquired Cost, normal purchase price Full call number Accession Number Cost, replacement price Price effective from Koha item type
        Sree Sankaracharya University of Sanskrit Sree Sankaracharya University of Sanskrit 08.01.2015 350.00 H 294.3 VIS/B 056533 0.00 08.01.2015 Book